<?xml version="1.0" encoding="UTF-8"?>
<record
    xmlns:xsi="http://www.w3.org/2001/XMLSchema-instance"
    xsi:schemaLocation="http://www.loc.gov/MARC21/slim http://www.loc.gov/standards/marcxml/schema/MARC21slim.xsd"
    xmlns="http://www.loc.gov/MARC21/slim">

  <leader>00550nas a2200193 a 4500</leader>
  <controlfield tag="001">5628</controlfield>
  <controlfield tag="003">CDMR</controlfield>
  <controlfield tag="005">20130626100707.0</controlfield>
  <controlfield tag="008">130130c1996||||sp qr|||||||||||||||cat|d</controlfield>
  <datafield tag="022" ind1=" " ind2=" ">
    <subfield code="a">1137-716X</subfield>
  </datafield>
  <datafield tag="040" ind1=" " ind2=" ">
    <subfield code="a">CDMR</subfield>
    <subfield code="b">cat</subfield>
    <subfield code="c">CPC GIRONA</subfield>
  </datafield>
  <datafield tag="245" ind1="0" ind2="0">
    <subfield code="a">Transversal</subfield>
    <subfield code="b">: revista de cultura contempor&#xE0;nia</subfield>
  </datafield>
  <datafield tag="260" ind1=" " ind2=" ">
    <subfield code="c">1996-</subfield>
    <subfield code="b">Departament de Cultura de l'Ajuntament de Lleida</subfield>
    <subfield code="a">Lleida</subfield>
  </datafield>
  <datafield tag="300" ind1=" " ind2=" ">
    <subfield code="a">n&#xFA;m.</subfield>
    <subfield code="b">il.</subfield>
    <subfield code="c">25 cm.</subfield>
  </datafield>
  <datafield tag="310" ind1=" " ind2=" ">
    <subfield code="a">Quadrimestral</subfield>
  </datafield>
  <datafield tag="362" ind1="0" ind2=" ">
    <subfield code="a">N&#xFA;m. 1 (nov. 1996) -</subfield>
  </datafield>
  <datafield tag="710" ind1="1" ind2=" ">
    <subfield code="9">363</subfield>
    <subfield code="a">Lleida</subfield>
    <subfield code="b"> -- Ajuntament</subfield>
  </datafield>
  <datafield tag="942" ind1=" " ind2=" ">
    <subfield code="c">SER</subfield>
    <subfield code="2">udc</subfield>
  </datafield>
  <datafield tag="999" ind1=" " ind2=" ">
    <subfield code="c">5628</subfield>
    <subfield code="d">5628</subfield>
  </datafield>
  <datafield tag="952" ind1=" " ind2=" ">
    <subfield code="0">0</subfield>
    <subfield code="1">0</subfield>
    <subfield code="2">udc</subfield>
    <subfield code="4">0</subfield>
    <subfield code="7">0</subfield>
    <subfield code="a">LLEIDA</subfield>
    <subfield code="b">LLEIDA</subfield>
    <subfield code="d">2011-08-05</subfield>
    <subfield code="l">0</subfield>
    <subfield code="o">442COL</subfield>
    <subfield code="p">LLEIDA1312614064</subfield>
    <subfield code="r">2013-01-16</subfield>
    <subfield code="t">N&#xFA;m. 20</subfield>
    <subfield code="w">2013-01-16</subfield>
    <subfield code="y">SER</subfield>
    <subfield code="z">Ciutats interm&#xE8;dies : cap a una xarxa transversal</subfield>
  </datafield>
  <datafield tag="952" ind1=" " ind2=" ">
    <subfield code="0">0</subfield>
    <subfield code="1">0</subfield>
    <subfield code="2">udc</subfield>
    <subfield code="4">0</subfield>
    <subfield code="7">0</subfield>
    <subfield code="a">LLEIDA</subfield>
    <subfield code="b">LLEIDA</subfield>
    <subfield code="d">2011-08-05</subfield>
    <subfield code="l">0</subfield>
    <subfield code="o">441COL</subfield>
    <subfield code="p">LLEIDA1312614065</subfield>
    <subfield code="r">2013-01-16</subfield>
    <subfield code="t">N&#xFA;m. 19</subfield>
    <subfield code="w">2013-01-16</subfield>
    <subfield code="y">SER</subfield>
    <subfield code="z">Desobedi&#xE8;ncia civil</subfield>
  </datafield>
  <datafield tag="952" ind1=" " ind2=" ">
    <subfield code="0">0</subfield>
    <subfield code="1">0</subfield>
    <subfield code="2">udc</subfield>
    <subfield code="4">0</subfield>
    <subfield code="7">0</subfield>
    <subfield code="a">LLEIDA</subfield>
    <subfield code="b">LLEIDA</subfield>
    <subfield code="d">2011-08-05</subfield>
    <subfield code="l">0</subfield>
    <subfield code="o">437COL</subfield>
    <subfield code="p">LLEIDA1312614066</subfield>
    <subfield code="r">2013-01-16</subfield>
    <subfield code="t">N&#xFA;m. 15</subfield>
    <subfield code="w">2013-01-16</subfield>
    <subfield code="y">SER</subfield>
    <subfield code="z">El cos de les idees</subfield>
  </datafield>
  <datafield tag="952" ind1=" " ind2=" ">
    <subfield code="0">0</subfield>
    <subfield code="1">0</subfield>
    <subfield code="2">udc</subfield>
    <subfield code="4">0</subfield>
    <subfield code="7">0</subfield>
    <subfield code="a">LLEIDA</subfield>
    <subfield code="b">LLEIDA</subfield>
    <subfield code="d">2011-08-05</subfield>
    <subfield code="l">0</subfield>
    <subfield code="o">430COL</subfield>
    <subfield code="p">LLEIDA1312614067</subfield>
    <subfield code="r">2013-01-16</subfield>
    <subfield code="t">N&#xFA;m. 3</subfield>
    <subfield code="w">2013-01-16</subfield>
    <subfield code="y">SER</subfield>
    <subfield code="z">El futur de la creaci&#xF3; audiovisual</subfield>
  </datafield>
  <datafield tag="952" ind1=" " ind2=" ">
    <subfield code="0">0</subfield>
    <subfield code="1">0</subfield>
    <subfield code="2">udc</subfield>
    <subfield code="4">0</subfield>
    <subfield code="7">0</subfield>
    <subfield code="a">LLEIDA</subfield>
    <subfield code="b">LLEIDA</subfield>
    <subfield code="d">2011-08-05</subfield>
    <subfield code="l">0</subfield>
    <subfield code="o">439COL</subfield>
    <subfield code="p">LLEIDA1312614068</subfield>
    <subfield code="r">2013-01-16</subfield>
    <subfield code="t">N&#xFA;m. 17</subfield>
    <subfield code="w">2013-01-16</subfield>
    <subfield code="y">SER</subfield>
    <subfield code="z">El genoma : mem&#xF2;ria del futur</subfield>
  </datafield>
  <datafield tag="952" ind1=" " ind2=" ">
    <subfield code="0">0</subfield>
    <subfield code="1">0</subfield>
    <subfield code="2">udc</subfield>
    <subfield code="4">0</subfield>
    <subfield code="7">0</subfield>
    <subfield code="a">LLEIDA</subfield>
    <subfield code="b">LLEIDA</subfield>
    <subfield code="d">2011-08-05</subfield>
    <subfield code="l">0</subfield>
    <subfield code="o">436COL</subfield>
    <subfield code="p">LLEIDA1312614069</subfield>
    <subfield code="r">2013-01-16</subfield>
    <subfield code="t">N&#xFA;m. 14</subfield>
    <subfield code="w">2013-01-16</subfield>
    <subfield code="y">SER</subfield>
    <subfield code="z">El riure</subfield>
  </datafield>
  <datafield tag="952" ind1=" " ind2=" ">
    <subfield code="0">0</subfield>
    <subfield code="1">0</subfield>
    <subfield code="2">udc</subfield>
    <subfield code="4">0</subfield>
    <subfield code="7">0</subfield>
    <subfield code="a">LLEIDA</subfield>
    <subfield code="b">LLEIDA</subfield>
    <subfield code="d">2011-08-05</subfield>
    <subfield code="l">0</subfield>
    <subfield code="o">435COL</subfield>
    <subfield code="p">LLEIDA1312614070</subfield>
    <subfield code="r">2013-01-16</subfield>
    <subfield code="t">N&#xFA;m. 13</subfield>
    <subfield code="w">2013-01-16</subfield>
    <subfield code="y">SER</subfield>
    <subfield code="z">Globalitzaci&#xF3; : mirades i miratges</subfield>
  </datafield>
  <datafield tag="952" ind1=" " ind2=" ">
    <subfield code="0">0</subfield>
    <subfield code="1">0</subfield>
    <subfield code="2">udc</subfield>
    <subfield code="4">0</subfield>
    <subfield code="7">0</subfield>
    <subfield code="a">LLEIDA</subfield>
    <subfield code="b">LLEIDA</subfield>
    <subfield code="d">2011-08-05</subfield>
    <subfield code="l">0</subfield>
    <subfield code="o">428COL</subfield>
    <subfield code="p">LLEIDA1312614071</subfield>
    <subfield code="r">2013-01-16</subfield>
    <subfield code="t">N&#xFA;m. 1</subfield>
    <subfield code="w">2013-01-16</subfield>
    <subfield code="y">SER</subfield>
    <subfield code="z">L'era digital</subfield>
  </datafield>
  <datafield tag="952" ind1=" " ind2=" ">
    <subfield code="0">0</subfield>
    <subfield code="1">0</subfield>
    <subfield code="2">udc</subfield>
    <subfield code="4">0</subfield>
    <subfield code="7">0</subfield>
    <subfield code="a">LLEIDA</subfield>
    <subfield code="b">LLEIDA</subfield>
    <subfield code="d">2011-08-05</subfield>
    <subfield code="l">0</subfield>
    <subfield code="o">431COL</subfield>
    <subfield code="p">LLEIDA1312614072</subfield>
    <subfield code="r">2013-01-16</subfield>
    <subfield code="t">N&#xFA;m. 4</subfield>
    <subfield code="w">2013-01-16</subfield>
    <subfield code="y">SER</subfield>
    <subfield code="z">La utopia : les utopies en el tombant del mil&#xB7;leni</subfield>
  </datafield>
  <datafield tag="952" ind1=" " ind2=" ">
    <subfield code="0">0</subfield>
    <subfield code="1">0</subfield>
    <subfield code="2">udc</subfield>
    <subfield code="4">0</subfield>
    <subfield code="7">0</subfield>
    <subfield code="a">LLEIDA</subfield>
    <subfield code="b">LLEIDA</subfield>
    <subfield code="d">2011-08-05</subfield>
    <subfield code="l">0</subfield>
    <subfield code="o">438COL</subfield>
    <subfield code="p">LLEIDA1312614073</subfield>
    <subfield code="r">2013-01-16</subfield>
    <subfield code="t">N&#xFA;m. 16</subfield>
    <subfield code="w">2013-01-16</subfield>
    <subfield code="y">SER</subfield>
    <subfield code="z">Llocs de la cr&#xED;tica</subfield>
  </datafield>
  <datafield tag="952" ind1=" " ind2=" ">
    <subfield code="0">0</subfield>
    <subfield code="1">0</subfield>
    <subfield code="2">udc</subfield>
    <subfield code="4">0</subfield>
    <subfield code="7">0</subfield>
    <subfield code="a">LLEIDA</subfield>
    <subfield code="b">LLEIDA</subfield>
    <subfield code="d">2011-08-05</subfield>
    <subfield code="l">0</subfield>
    <subfield code="o">440COL</subfield>
    <subfield code="p">LLEIDA1312614074</subfield>
    <subfield code="r">2013-01-16</subfield>
    <subfield code="t">N&#xFA;m. 18</subfield>
    <subfield code="w">2013-01-16</subfield>
    <subfield code="y">SER</subfield>
    <subfield code="z">Monogr&#xE0;fic 11-S</subfield>
  </datafield>
  <datafield tag="952" ind1=" " ind2=" ">
    <subfield code="0">0</subfield>
    <subfield code="1">0</subfield>
    <subfield code="2">udc</subfield>
    <subfield code="4">0</subfield>
    <subfield code="7">0</subfield>
    <subfield code="a">LLEIDA</subfield>
    <subfield code="b">LLEIDA</subfield>
    <subfield code="d">2011-08-05</subfield>
    <subfield code="l">0</subfield>
    <subfield code="o">432COL</subfield>
    <subfield code="p">LLEIDA1312614075</subfield>
    <subfield code="r">2013-01-16</subfield>
    <subfield code="t">N&#xFA;m. 5</subfield>
    <subfield code="w">2013-01-16</subfield>
    <subfield code="y">SER</subfield>
    <subfield code="z">Pa&#xEF;sos Catalans?</subfield>
  </datafield>
  <datafield tag="952" ind1=" " ind2=" ">
    <subfield code="0">0</subfield>
    <subfield code="1">0</subfield>
    <subfield code="2">udc</subfield>
    <subfield code="4">0</subfield>
    <subfield code="7">0</subfield>
    <subfield code="a">LLEIDA</subfield>
    <subfield code="b">LLEIDA</subfield>
    <subfield code="d">2011-08-05</subfield>
    <subfield code="l">0</subfield>
    <subfield code="o">429COL</subfield>
    <subfield code="p">LLEIDA1312614076</subfield>
    <subfield code="r">2013-01-16</subfield>
    <subfield code="t">N&#xFA;m. 2</subfield>
    <subfield code="w">2013-01-16</subfield>
    <subfield code="y">SER</subfield>
    <subfield code="z">Recreaci&#xF3; (Transpar&#xE8;ncia. Mem&#xF2;ria. Palimpsest)</subfield>
  </datafield>
  <datafield tag="952" ind1=" " ind2=" ">
    <subfield code="0">0</subfield>
    <subfield code="1">0</subfield>
    <subfield code="2">udc</subfield>
    <subfield code="4">0</subfield>
    <subfield code="7">0</subfield>
    <subfield code="a">LLEIDA</subfield>
    <subfield code="b">LLEIDA</subfield>
    <subfield code="d">2011-08-05</subfield>
    <subfield code="l">0</subfield>
    <subfield code="o">434COL</subfield>
    <subfield code="p">LLEIDA1312614077</subfield>
    <subfield code="r">2013-01-16</subfield>
    <subfield code="t">N&#xFA;m. 7</subfield>
    <subfield code="w">2013-01-16</subfield>
    <subfield code="y">SER</subfield>
    <subfield code="z">TV p&#xFA;blica, TV local, TV Global</subfield>
  </datafield>
  <datafield tag="952" ind1=" " ind2=" ">
    <subfield code="0">0</subfield>
    <subfield code="1">0</subfield>
    <subfield code="2">udc</subfield>
    <subfield code="4">0</subfield>
    <subfield code="7">0</subfield>
    <subfield code="a">LLEIDA</subfield>
    <subfield code="b">LLEIDA</subfield>
    <subfield code="d">2011-08-05</subfield>
    <subfield code="l">0</subfield>
    <subfield code="o">443COL</subfield>
    <subfield code="p">LLEIDA1312614078</subfield>
    <subfield code="r">2013-01-16</subfield>
    <subfield code="t">N&#xFA;m. 21</subfield>
    <subfield code="w">2013-01-16</subfield>
    <subfield code="y">SER</subfield>
    <subfield code="z">Teatre : la generaci&#xF3; del "baby boom"</subfield>
  </datafield>
  <datafield tag="952" ind1=" " ind2=" ">
    <subfield code="0">0</subfield>
    <subfield code="1">0</subfield>
    <subfield code="2">udc</subfield>
    <subfield code="4">0</subfield>
    <subfield code="7">0</subfield>
    <subfield code="a">LLEIDA</subfield>
    <subfield code="b">LLEIDA</subfield>
    <subfield code="d">2011-08-05</subfield>
    <subfield code="l">0</subfield>
    <subfield code="o">433COL</subfield>
    <subfield code="p">LLEIDA1312614079</subfield>
    <subfield code="r">2013-01-16</subfield>
    <subfield code="t">N&#xFA;m. 6</subfield>
    <subfield code="w">2013-01-16</subfield>
    <subfield code="y">SER</subfield>
    <subfield code="z">Territoris</subfield>
  </datafield>
  <datafield tag="952" ind1=" " ind2=" ">
    <subfield code="0">0</subfield>
    <subfield code="1">0</subfield>
    <subfield code="2">udc</subfield>
    <subfield code="4">0</subfield>
    <subfield code="7">0</subfield>
    <subfield code="a">GIRONA</subfield>
    <subfield code="b">GIRONA</subfield>
    <subfield code="d">2010-12-03</subfield>
    <subfield code="l">0</subfield>
    <subfield code="o">Bf 233</subfield>
    <subfield code="p">GIRONA13109143</subfield>
    <subfield code="r">2013-01-16</subfield>
    <subfield code="t">N&#xFA;m. 19</subfield>
    <subfield code="w">2013-01-16</subfield>
    <subfield code="y">SER</subfield>
    <subfield code="z">Desobedi&#xE8;ncia civil</subfield>
  </datafield>
  <datafield tag="952" ind1=" " ind2=" ">
    <subfield code="0">0</subfield>
    <subfield code="1">0</subfield>
    <subfield code="4">0</subfield>
    <subfield code="7">0</subfield>
    <subfield code="a">GIRONA</subfield>
    <subfield code="b">GIRONA</subfield>
    <subfield code="d">2010-12-03</subfield>
    <subfield code="l">0</subfield>
    <subfield code="o">Bf 234</subfield>
    <subfield code="p">GIRONA13109144</subfield>
    <subfield code="r">2013-01-16</subfield>
    <subfield code="t">N&#xFA;m. 17</subfield>
    <subfield code="w">2013-01-16</subfield>
    <subfield code="y">SER</subfield>
    <subfield code="z">El genoma : mem&#xF2;ria del futur</subfield>
  </datafield>
  <datafield tag="952" ind1=" " ind2=" ">
    <subfield code="0">0</subfield>
    <subfield code="1">0</subfield>
    <subfield code="2">udc</subfield>
    <subfield code="4">0</subfield>
    <subfield code="7">0</subfield>
    <subfield code="a">GIRONA</subfield>
    <subfield code="b">GIRONA</subfield>
    <subfield code="d">2010-12-03</subfield>
    <subfield code="l">0</subfield>
    <subfield code="o">Bf 235</subfield>
    <subfield code="p">GIRONA13109145</subfield>
    <subfield code="r">2013-01-16</subfield>
    <subfield code="t">N&#xFA;m. 18</subfield>
    <subfield code="w">2013-01-16</subfield>
    <subfield code="y">SER</subfield>
    <subfield code="z">Monogr&#xE0;fic 11-S</subfield>
  </datafield>
</record>
